000 00780nam a2200193 a 4500
008 120416s1988 ||||||||||||||||| || u
020 _a0534085563
050 _aQA 154.2 Gra
100 _aGrady, Michael D
245 1 0 _aCollege algebra. (7th ed.)
250 _a7th.ed
260 _aBelmont, California
_bWadsworth Publishing Company
_c1988
300 _axvi, 499p. In various pag : ill
350 _a0.00
650 0 _aALGEBRA
700 _aBeckenbach, Edwin F
995 _aBINDERY (DAMAGED)
_D0.00
_e725401
_FCBU-MAIN LIBRARY (Kitwe)
_H1
_I0.00
_jQA 154.2 Gra
_M1
_UDAMAGED
_y011017
_ZMain Library Open Access Collection
995 _aANNEX COLLECTION (Main Library)
_D0.00
_e725400
_FCBU-MAIN LIBRARY (Kitwe)
_H2
_I0.00
_jQA 154.2 Gra
_M2
_UAVAILABLE
_y011029
_ZAnnex Low-Usage Collection
999 _c79453
_d79453